Métodos de investigación en las relaciones sociales

Kaydedildi:
Detaylı Bibliyografya
Asıl Yazarlar: Selltiz, Claire (Yazar), Jahoda, Marie (Yazar), Deutsch, Morton (Yazar), Cook, Stuart (Yazar)
Materyal Türü: Kitap
Dil:İspanyolca
Baskı/Yayın Bilgisi: Madrid Rialp 1969
Edisyon:3a. ed
Seri Bilgileri:Biblioteca de educación y ciencias sociales. Serie técnicas y estudios experimentales, 6
Konular:
Etiketler: Etiketle
Etiket eklenmemiş, İlk siz ekleyin!

MARC

LEADER 00000nam a2200000 a 4500
001 UCZ0573
003 CL-VaPUC
008 950728e19690710SP |||||||||||||||||spa|d
082 0 4 |a 301  |b SEL  |2 21 
100 0 |a Selltiz, Claire  |e author  |9 343543 
700 |a Jahoda, Marie  |e author  |9 404692 
700 0 |a Deutsch, Morton  |e author  |9 343545 
700 0 |a Cook, Stuart  |e author  |9 343546 
245 1 0 |a Métodos de investigación en las relaciones sociales 
250 |a 3a. ed 
300 |a 670 p 
942 |c BK 
945 |d 19950728 00:00:00  |a lriquelm 
260 |a Madrid  |b Rialp  |c 1969 
650 0 |a Ciencias sociales  |v Investigación  |9 307767 
650 7 |a INVESTIGACION DE CAMPO  |2 CL-VaPUC  |9 335943 
650 0 |a Métodos de investigación   |9 262618 
650 0 |a Ciencias sociales   |9 256351 
650 7 |a OBSERVACION  |2 CL-VaPUC  |9 336333 
650 0 |a Entrevistas  |9 265537 
650 7 |a CUESTIONARIOS  |2 CL-VaPUC  |9 335942 
650 0 |a Sociometría  |9 271452 
650 0 |a Informes  |9 334810 
583 |a last modification  |c 19950728 00:00:00  |k Rodrigo Vera 
490 0 |a Biblioteca de educación y ciencias sociales. Serie técnicas y estudios experimentales, 6 
999 |c 237491  |d 237489 
952 |0 0  |1 0  |4 0  |6 301_000000000000000_SEL_1969  |7 0  |8 P  |9 246671  |a BIBEDU  |b BIBEDU  |c BIBEDU_PB  |d 2019-11-18  |i 1545930  |o 301 SEL 1969  |p 1545930  |r 2024-01-25  |w 2019-11-18  |y BK  |k EDU